Statistics for Robert Downey Jr. Filmography

Click here to take the quiz!

General Stats

  • This quiz has been taken 146 times
    (26 since last reset)
  • The average score is 19 of 95

Answer Stats

Type Year Name % Correct
Film2019Avengers: Endgame
100%
Film2008Iron Man
100%
Film2012The Avengers
100%
Film2013Iron Man 3
95%
Video Game2013Iron Man 3: The Official Game
95%
Film2010Iron Man 2
95%
Film2018Avengers: Infinity War
86%
Film2015Avengers: Age of Ultron
81%
Film2017Spider-Man: Homecoming
76%
Film2016Captain America: Civil War
76%
Film2009Sherlock Holmes
71%
Film2020Dolittle
67%
Film1992Chaplin
57%
Film2008Tropic Thunder
57%
Film2008The Incredible Hulk
52%
Film2014The Judge
48%
Film2007Zodiac
33%
Film2011Sherlock Holmes: A Game of Shadows
33%
Film2010Due Date
29%
TV Show1985Saturday Night Live
24%
Film1994Natural Born Killers
24%
Film2014Chef
24%
Film2020Black Widow
19%
Film1985Weird Science
19%
Film1990Air America
14%
Film2005Kiss Kiss Bang Bang
14%
TV Show2000-2002Ally McBeal
14%
Film1987Less Than Zero
14%
Film1994Only You
14%
Film1986Back to School
14%
Documentary2003Charlie: The Life and Art of Charles Chaplin
10%
Film2003The Singing Detective
10%
Film2006The Shaggy Dog
10%
Film2006A Scanner Darkly
10%
Film1998U.S. Marshals
10%
Film1991Soapdish
10%
Film1997Two Girls and a Guy
10%
Film2009The Soloist
10%
Film1993Hearts and Souls
10%
Film1987The Pick-up Artist
10%
Film2005Good Night, and Good Luck
5%
Film1988Johnny Be Good
5%
Film1995Restoration
5%
Film2019The Voyage of Doctor Doolittle
5%
TV Show2005Family Guy
5%
Film1989Chances Are
5%
Documentary2005The Outsider
0%
Documentary2005Hubert Selby Jr.: It/ll Be Better Tomorrow
0%
Film2018All-Star Weekend
0%
Film2006A Guide to Recognizing Your Saints
0%
Film2008Charlie Bartlett
0%
Film2006Fur: An Imaginary Portrait of Diane Arbus
0%
Documentary Series2019The Age of A.I.
0%
Film2007Lucky You
0%
Film2010Love & Distrust
0%
Film1970Pound
0%
Film2005Game6
0%
TV Mini-Series1985Mussolini: The Untold Story
0%
Film1991Too Much Sun
0%
Film1989True Believer
0%
Film1989That's Adequate
0%
Film19891969
0%
Film1988Rented Lips
0%
Short Film1985Deadwait
0%
Film1985Girls Just Want to Have Fun
0%
Film1993Short Cuts
0%
Film1985Tuff Turf
0%
Film1984Firstborn
0%
Theater1983American Passion
0%
Film1983Baby It's You
0%
Film1980Up the Academy
0%
Film1975Moment to Moment
0%
Documentary1993The Last Party
0%
Film1994Hail Caesar
0%
Film2004Eros
0%
Film1999Friends & Lovers
0%
Film2003Gothika
0%
Short Film2003Whatever We Do
0%
Short Film2002Lethargy
0%
Film2000Wonder Boys
0%
Film1972Greaser's Place
0%
Film1999Bowfinger
0%
Film1999In Dreams
0%
Film1995Richard III
0%
Film1998The Gingerbread Man
0%
Film1997Hugo Pool
0%
Film1997One Night Stand
0%
Film1997Danger Zone
0%
TV Show1996Cops
0%
Film1995Mr. Willowby's Christmas Tree
0%
Film1995Home for the Holidays
0%
Film1999Black and White
0%

Score Distribution

Percentile by Number Answered

Percent of People with Each Score

Your Score History

You have not taken this quiz since the last reset